000 00876nam a2200241 u 4500
001 000020385
005 20240307073941.0
008 100813s2015 dr d 000 0 spa d
020 _a9789945472547
040 _aDO-SdBNP
_bspa
_cBNPHU
082 _a378.17
_bA524e
100 1 _aAmorós Teijeiro, María Eugenia,
_d1992-
_943051
245 1 0 _aEstrategias de aprendizaje en estudiantes de Intec /
_cMaría Eugenia Amorós Teijeiro.
260 _aSanto Domingo :
_bINTEC,
_c2015.
300 _a120 p. :
_bil ;
_c23 cm.
500 _aIncluye datos biográficos de la autora en las solapas
504 _aBibliografía: p. 73-76
590 _aInventariado, 2018/MFF
650 4 _aAprendizaje
_9812
650 4 _aEstudiantes universitarios
_zRepública Dominicana
_96092
710 2 _aInstituto Tecnológico de Santo Domingo
_978911
910 _aValidado. Control de calidad MFF
999 _c19889
_d19889